000 00609nam a2200193 i 4500
001 97466
003 ES-MaACL
007 t|
008 050712m19301933fr ||||1| fre d
100 1 _aMarcial, Marco Valerio.
_976446
245 1 0 _aEpigrammes /
_cMarco Valero Martial; texte établi et traduit per H. J. Isaac.
260 _aParis :
_bSocieté d'Edition "Les Belles Lettres",
_c1930-1933.
300 _a3 v. ;
_c21 cm.
490 1 _aUniversités de France
700 1 _aIsaac, H. J.
_965510
830 0 _aUniversités de France
_9184420
852 _aES-MaACL
_jC-6823-25
_bR.9071
999 _c97466
_d97466